00820nam a2200205 a 450000100100000000500170001000800410002702000150006804000250008308200150010810000230012324501110014626000860025730000330034350000370037650000380041370000330045195201130048499900170059700004114320201002034644.0130919s1994 sp ab 001 0 spa d a8487111327 aDO-SdBNPbspacBNPHU axxxxbxxxx1 aSala Catala96768810aCiencia y Técnica en la metropolización de América. /cJosé Sala Catala; prólogo, Horacio Capel. aMadrid, :bDoce callesbConsejo Superior de Investigaciones Científicas,c1994. a346 p. :bil. map. ;c33 cm. aIncluye notas al pie de página aIncluye índice de ilustraciones1 aCapel, Horacioeprol.915416 001050718MOaGRbGRcCTd2013-09-19iLF1l0oxxxx xxxxp41143-10r2020-06-25w2020-06-25y1ZNo se presta c40633d40633